| 000 | 01032nam a2200277 a 4500 | ||
|---|---|---|---|
| 999 |
_c173099 _d173099 |
||
| 001 | 1954321 | ||
| 003 | Nust | ||
| 005 | 20170118135107.0 | ||
| 008 | 880115s1986 pk b 000 0 eng | ||
| 010 | _a 87126269 | ||
| 040 |
_aDLC _cDLC _dDLC |
||
| 043 | _aaz----- | ||
| 050 | 0 | 0 |
_aHC430.6 _b.P36 1986 |
| 082 | 0 | 0 |
_a338.954 _219 |
| 100 | 1 | _aPapanek, Gustav Fritz. | |
| 245 | 1 | 0 |
_aLectures on development strategy, growth, equity, and the political process in Southern Asia / _c[Gustav F. Papanek] ; with comments by Syed Nawab Haider Naqvi. |
| 260 |
_aIslamabad : _bPakistan Institute of Development Economics, _c1986. |
||
| 300 |
_aviii, 147 p. ; _c25 cm. |
||
| 440 | 0 |
_aLectures in development economics ; _vno. 5 |
|
| 504 | _aBibliography: p. 139-147. | ||
| 650 | 0 |
_aIncome distribution _zSouth Asia. |
|
| 650 | 0 |
_aWages _zSouth Asia. |
|
| 651 | 0 |
_aSouth Asia _xEconomic policy. |
|
| 700 | 1 | _aNaqvi, Syed Nawab Haider. | |
| 906 |
_a7 _bcbc _corignew _d3 _encip _f19 _gy-gencatlg |
||
| 942 |
_2ddc _cBK |
||